| 000 | 01260cam a22003374a 4500 | ||
|---|---|---|---|
| 001 | 12311285 | ||
| 003 | OSt | ||
| 005 | 20251128150815.0 | ||
| 008 | 010215s2001 ilu b 001 0 eng | ||
| 010 | _a 2001024038 | ||
| 020 |
_a0830822801 _qpbk. : alk. paper |
||
| 020 |
_a9780830822805 _q(pbk. : alk. paper) |
||
| 035 | _a12311285 | ||
| 040 |
_aDLC _cDLC _dDLC |
||
| 042 | _apcc | ||
| 050 | 0 | 0 |
_aBV4501.2 _b.I77 2001 |
| 082 | 0 | 0 |
_a248.4 _221; aa05 02-27-01 |
| 100 | 1 | _aIssler, Klaus Dieter. | |
| 245 | 1 | 0 |
_aWasting time with God : _ba Christian spirituality of friendship with God / _cKlaus Issler. |
| 260 |
_aDowners Grove, Ill. : _bInterVarsity Press, _cc2001. |
||
| 300 |
_a296 p. : _bill. ; _c21 cm. |
||
| 336 |
_atext _btxt _2rdacontent |
||
| 337 |
_aunmediated _bn _2rdamedia |
||
| 338 |
_avolume _bnc _2rdacarrier |
||
| 504 | _aIncludes bibliographical references (p. [249]-282) and indexes. | ||
| 650 | 0 |
_aSpiritual life _xChristianity. |
|
| 906 |
_a7 _bcbc _corignew _d1 _eocip _f20 _gy-gencatlg |
||
| 942 |
_2lcc _cBK |
||
| 999 |
_c20793 _d20792 |
||